000
00324nam a2200133Ia 4500
005
20260328101518.0
008
260328s9999||||xx |||||||||||||| ||und||
100
_a
López, Raymond
245
0
_a
L' avenir des villes /
_c
Raymond López
260
_b
Michel Ragon
300
_a
135 p.
650
_a
DISEÑO URBANO
942
_c
BK
999
_c
9458
_d
9458